Тестирование: вчера, сегодня, завтра. К вопросу о понятиях, используемых при обучении профессиональному иностранному языку студентов неязыковых специальностей (на примере Института природных ресурсов ТПУ); Проблемы геологии и освоения недр; Т. 2

Bibliografski detalji
Parent link:Проблемы геологии и освоения недр: труды XVI Международного симпозиума имени академика М. А. Усова студентов и молодых ученых, Томск, 2-7 апреля 2012 г./ Национальный исследовательский Томский политехнический университет (ТПУ), Институт природных ресурсов (ИПР) ; Общество инженеров-нефтяников, Студенческий чаптер ; под ред. О. Г. Савичева.— , 2012
Т. 2.— 2012.— [С. 863-865]
Glavni autor: Сухорукова Н. В. Надежда Витальевна
Sažetak:Заглавие с титульного листа
Jezik:ruski
Izdano: 2012
Serija:Круглый стол "Профессиональная коммуникация и проблемы преподавания профессионального иностранного языка в области природных ресурсов недр земли"
Teme:
Online pristup:http://www.lib.tpu.ru/fulltext/c/2012/C11/V2/421.pdf
Format: MixedMaterials Elektronički Poglavlje knjige
KOHA link:https://koha.lib.tpu.ru/cgi-bin/koha/opac-detail.pl?biblionumber=240885

MARC

LEADER 00000naa2a2200000 4500
001 240885
005 20251209141648.0
035 |a (RuTPU)RU\TPU\book\262146 
035 |a RU\TPU\book\262094 
090 |a 240885 
100 |a 20130627d2012 k y0rusy50 ca 
101 0 |a rus 
102 |a RU 
135 |a drcn ---uucaa 
181 0 |a i  
182 0 |a b 
200 1 |a Тестирование: вчера, сегодня, завтра. К вопросу о понятиях, используемых при обучении профессиональному иностранному языку студентов неязыковых специальностей (на примере Института природных ресурсов ТПУ)  |f Н. В. Сухорукова 
203 |a Текст  |c электронный 
215 |a 1 файл (316 Кб) 
225 1 |a Круглый стол "Профессиональная коммуникация и проблемы преподавания профессионального иностранного языка в области природных ресурсов недр земли" 
300 |a Заглавие с титульного листа 
337 |a Adobe Reader 
461 1 |0 (RuTPU)RU\TPU\book\252494  |t Проблемы геологии и освоения недр  |o труды XVI Международного симпозиума имени академика М. А. Усова студентов и молодых ученых, Томск, 2-7 апреля 2012 г.  |o в 2 т.  |f Национальный исследовательский Томский политехнический университет (ТПУ), Институт природных ресурсов (ИПР) ; Общество инженеров-нефтяников, Студенческий чаптер ; под ред. О. Г. Савичева  |d 2012 
463 1 |0 (RuTPU)RU\TPU\book\252518  |t Т. 2  |v [С. 863-865]  |d 2012 
601 0 2 |a Национальный исследовательский Томский политехнический университет (ТПУ)  |b Институт природных ресурсов (ИПР)  |2 stltpush  |3 (RuTPU)RU\TPU\col\16389 
610 1 |a труды учёных ТПУ 
610 1 |a электронный ресурс 
610 1 |a тестирование 
610 1 |a профессиональный иностранный язык 
610 1 |a обучение 
610 1 |a неязыковые специальности 
610 1 |a студенты 
700 1 |a Сухорукова  |b Н. В.  |c лингвист  |c старший преподаватель Томского политехнического университета  |g Надежда Витальевна  |3 (RuTPU)RU\TPU\pers\27712 
801 1 |a RU  |b 63413507  |c 20130205 
801 2 |a RU  |b 63413507  |c 20130719  |g RCR 
856 4 |u http://www.lib.tpu.ru/fulltext/c/2012/C11/V2/421.pdf 
942 |c CF